Simulation of virtual sensors over internet / (Record no. 190661)

000 -LEADER
fixed length control field 00798 a2200205 4500
003 - CONTROL NUMBER IDENTIFIER
control field NUST
005 - DATE AND TIME OF LATEST TRANSACTION
control field 20251125134626.0
040 ## - CATALOGING SOURCE
Transcribing agency Nust
082 ## - DEWEY DECIMAL CLASSIFICATION NUMBER
Classification number 621.382,MAH
100 ## - MAIN ENTRY--PERSONAL NAME
Personal name Mehmood, Salman (TCC-20)
9 (RLIN) 132073
245 ## - TITLE STATEMENT
Title Simulation of virtual sensors over internet /
Statement of responsibility, etc. Salman Mehmood. Wasif Arshan, Omar Ali and Imran Khan TCC-20
260 ## - PUBLICATION, DISTRIBUTION, ETC.
Place of publication, distribution, etc. Rawalpindi
Name of publisher, distributor, etc. MCS (NUST)
Date of publication, distribution, etc. June 2012
300 ## - PHYSICAL DESCRIPTION
Extent ix, 56.;
505 ## - FORMATTED CONTENTS NOTE
Formatted contents note Introduction (Page-1), Components used in the Project (Page-6), System Modules (Page-10), Future Enhancements and Applications (Page-34), Bibliography (Page-56).
600 ## - SUBJECT ADDED ENTRY--PERSONAL NAME
Personal name Simulation of virtual sensors over internet TCC-20
9 (RLIN) 132074
650 ## - SUBJECT ADDED ENTRY--TOPICAL TERM
Topical term or geographic name entry element UG Projects
9 (RLIN) 98716
651 ## - SUBJECT ADDED ENTRY--GEOGRAPHIC NAME
Geographic name TCC-20
9 (RLIN) 131219
700 ## - ADDED ENTRY--PERSONAL NAME
Personal name Supervised by Dr. Adil Masood
9 (RLIN) 132075
942 ## - ADDED ENTRY ELEMENTS (KOHA)
Source of classification or shelving scheme
Koha item type Project Report
Holdings
Withdrawn status Lost status Source of classification or shelving scheme Damaged status Not for loan Permanent Location Current Location Shelving location Date acquired Full call number Barcode Date last seen Price effective from Koha item type Public note
          Military College of Signals (MCS) Military College of Signals (MCS) Reference 12/12/2016 621.382,MAH MCSPTC-158 12/08/2016 12/12/2016 Project Report Almirah No. 94, Shelf No. 3
© 2023 Central Library, National University of Sciences and Technology. All Rights Reserved.